000 00264nam a2200097Ia 4500
008 230915s9999 xx 000 0 und d
050 _aHF5718.B87.C.1
100 _aLINDA P.DRISKILL
245 0 _aBUSINESS AND MANAGERIAL COMMUNICATION: NEW PERSPECTIVES
942 _cBK
999 _c85956
_d85956